| 000 | 00758nam a2200217 a 4500 | ||
|---|---|---|---|
| 005 | 20210219160144.0 | ||
| 008 | 080918s1980 mx r 000 0 spa d | ||
| 035 | _aUPN01000159646 | ||
| 049 | _aUNE | ||
| 080 | _a372.363 (100) =20 CRE No.21. | ||
| 100 | 1 | _aCrellin, Cecil T. | |
| 245 | 1 | 0 |
_aToys and other learning materials for early childhood : _bsome suggestions / _cCecil T. Crellin. |
| 260 |
_aParis : _bUNESCO; _aNew York : _bUNICEF; _aRome : _bWFP, _c1980. |
||
| 300 | _a5 p. | ||
| 440 | 0 |
_aNotes, comments...; _v21 |
|
| 690 | _aEducacion preescolar- Juguetes educativos | ||
| 690 | _aProcesos de aprendizaje- Juguetes- Educacion preescolar | ||
| 710 | 2 | _aUNESCO | |
| 710 | 2 | _aUNICEF III.WFP. Programa Mundial de Alimentación | |
| 905 | _aUNESCO | ||
| 999 |
_c131760 _d131760 |
||